Statistics of extremes /

Guardado en:
Autor Principal: Gumbel, Emil Julius, 1891-
Formato: Libro
Idioma:English
Publicado: New York : Columbia University Press, 1958.
Etiquetas: Agregar Etiqueta
Sin Etiquetas, Sea el primero en etiquetar este registro!
LEADER 00558nam a22001815a 4500
001 MAT.inmabb002348
008 790416s1958####nyua#####b####001#0#eng#d
005 20130410143219.0
245 1 0 |a Statistics of extremes /  |c by E. J. Gumbel. 
260 |a New York :  |b Columbia University Press,  |c 1958. 
300 |a xx, 375 p. :  |b il. ;  |c 24 cm. 
504 |a Bibliografía: p. [349]-371. 
510 4 |a MR,  |c 20 #2826 
020 |a 0231021909 
100 1 |a Gumbel, Emil Julius,  |d 1891- 
084 |a 62G32  |2 msc2000 
010 |a  57010160  
859 |h 62  |i G974  |p A-4015  |b BIB. MATEMATICA